|
|
|
|
| LEADER |
00000nkm a2200000 a 4500 |
| 001 |
vtls011926816 |
| 003 |
SK-MaSNL |
| 005 |
20260331212110.0 |
| 007 |
kf bo |
| 008 |
231120q1971 xo g kuslo |
| 015 |
|
|
|a SNBG1971
|
| 035 |
|
|
|a urn:nbn:sk:snk-km00ear5
|
| 035 |
|
|
|a urn:nbn:sk:snk-km43gf2
|
| 035 |
|
|
|a A8CCEC00-9D81-4FA0-8136-DA4B22FFAC43
|
| 040 |
|
|
|a SNK
|b slo
|c SNK
|e AACR2
|
| 041 |
0 |
|
|a slo
|
| 043 |
|
|
|a e-xo---
|
| 044 |
|
|
|a xo
|c SK
|
| 072 |
|
7 |
|a 913
|x Regionálna geografia
|2 konspekt
|
| 080 |
|
|
|a 913(437.6)
|2 2011
|
| 080 |
|
|
|a 904:72
|2 2011
|
| 080 |
|
|
|a 728.82
|2 2011
|
| 080 |
|
|
|a 728.81
|2 2011
|
| 080 |
|
|
|a 904(084.121)
|2 2011
|
| 080 |
|
|
|a 069
|2 2011
|
| 100 |
1 |
|
|a Pisoň, Štefan,
|d 1919-2004
|4 pht
|9 206200
|
| 245 |
1 |
0 |
|a Bojnický zámok
|h grafika
|b dnes vlastivedné múzeum
|c foto Štefan Pisoň
|
| 260 |
|
|
|a [Bratislava]
|b VPL
|c [1971?]
|
| 300 |
|
|
|a 1 pohľadnica
|b čiernobiela
|c 11 x 15 cm
|
| 520 |
8 |
|
|a Zobrazenie: Pohľad na zámok, čnejúci sa nad stromami, a v diaľke sú kopce
|
| 610 |
2 |
7 |
|a Bojnický zámok
|2 SNKKA
|9 32519
|
| 610 |
2 |
7 |
|a Múzeum Bojnice
|2 SNKKA
|9 166786
|
| 650 |
0 |
7 |
|a národné kultúrne pamiatky
|2 SNKPH
|9 31192
|
| 650 |
0 |
7 |
|a zámky
|2 SNKPH
|9 3041
|
| 650 |
0 |
7 |
|a hrady
|2 SNKPH
|9 3039
|
| 650 |
0 |
7 |
|a múzeá
|2 SNKPH
|9 4119
|
| 651 |
|
7 |
|a Bojnice (Slovensko)
|2 SNKPHgeo
|9 30288
|
| 655 |
|
7 |
|a miestne pohľadnice
|2 SNKPH
|9 70510
|
| 655 |
|
7 |
|a pohľadnice kultúrnych pamiatok
|2 SNKPH
|9 70523
|
| 852 |
|
|
|a Slovenská národná knižnica
|
| 954 |
|
|
|a pohľadnice pôvodné (slovenské)
|2 lita
|
| 958 |
|
|
|a GBN
|
| 958 |
|
|
|a GC
|
| 958 |
|
|
|a OND
|
| 958 |
|
|
|a EUIPO
|
| 999 |
|
|
|c 693166
|d 695096
|
| 952 |
|
|
|a SNK
|b SNK
|y PREZ
|7 0
|p 17A1411566
|o snkSP 136460
|z Pohľadnica prešla poštou.
|0 0
|1 0
|4 0
|d 2020-04-06
|f 1
|l 0
|r 2026-02-23 20:33:16
|w 2026-02-23
|